The Jaina sources of the history of ancient India (100 BC-AD 900) (Record no. 6329)

MARC details
000 -LEADER
fixed length control field 00900 a2200217 4500
005 - DATE AND TIME OF LATEST TRANSACTION
control field 20080827105617.0
008 - FIXED-LENGTH DATA ELEMENTS--GENERAL INFORMATION
fixed length control field 080827t xxu||||| |||| 00| 0 eng d
010 ## - LIBRARY OF CONGRESS CONTROL NUMBER
LC control number ENG-87278
020 ## - INTERNATIONAL STANDARD BOOK NUMBER
International Standard Book Number 8121511402
Terms of availability 425.00
035 ## - SYSTEM CONTROL NUMBER
System control number EN-70811
037 ## - SOURCE OF ACQUISITION
Source of stock number/acquisition DBAD / PUB
082 ## - DEWEY DECIMAL CLASSIFICATION NUMBER
Classification number 954.01
100 ## - MAIN ENTRY--PERSONAL NAME
Personal name Jain, Jyoti Prasad
245 ## - TITLE STATEMENT
Title The Jaina sources of the history of ancient India (100 BC-AD 900)
Statement of responsibility, etc by Jyoti Prasad Jain
260 ## - PUBLICATION, DISTRIBUTION, ETC. (IMPRINT)
Place of publication, distribution, etc New Delhi
Name of publisher, distributor, etc Munshiram Manoharlal Publishers
Date of publication, distribution, etc 2005
270 ## - ADDRESS
Address Post Box 5715, 54 Jhansi Road, New Delhi- 110 055
City New Delhi
Postal code 110 055
300 ## - PHYSICAL DESCRIPTION
Extent xvii, 222 p.
Dimensions 22 cm. (Hb)
500 ## - GENERAL NOTE
General note Includes bibliograpgical references and index
942 ## - ADDED ENTRY ELEMENTS (KOHA)
Institution code [OBSOLETE] dpl
Koha item type English Books
Call number prefix 954.01/JAI
Source of classification or shelving scheme Dewey Decimal Classification
Classification part 954.01
Call number suffix JAI
Holdings
Withdrawn status Lost status Damaged status Not for loan Home library Current library Date acquired Cost, normal purchase price Total Checkouts Full call number Barcode Date last seen Copy number Uniform Resource Identifier Cost, replacement price Price effective from Koha item type
        D.B.Act.Division D.B.Act.Division   425.00   954.01 JAI EN-70811 15/09/2008 1 6810 425.00 15/09/2008 English Books

© Delhi Public Library
Hit Counter
free hit counter